| 000 | 00482nam a22001815i 4500 | ||
|---|---|---|---|
| 001 | 54545 | ||
| 003 | ES-MaACL | ||
| 005 | 20230906162955.0 | ||
| 007 | t| | ||
| 008 | 960719s1853 sz ||||1| ita d | ||
| 040 |
_aCAM _bspa _cCAM |
||
| 080 | _a270.18 | ||
| 100 | 1 |
_aFranchi, Ausonio. _952167 |
|
| 245 | 1 | 3 |
_aLa religione del secolo XIX / _cper Ausonio Franchi. |
| 260 |
_aLosanna : _b[s.n.], _c1853. |
||
| 300 |
_aXII, [4], 495, [1] p. ; _c19 cm. |
||
| 852 |
_aES-MaACL _jD-3576 |
||
| 999 |
_c54545 _d54545 |
||